000 00793nam a2200241 i 4500
001 C2-0328529
003 PPAK
005 20180728125840.0
008 140818s su |||| ||||| | ara d
040 _aPPAK
_beng
_cPPAK
_erda
082 0 4 _a297.352
_223
090 0 0 _a297.352
_bSHE
_dKMN
100 0 _aSheikh Abdul Aziz b. Abdullah,
_eauthor
245 1 0 _aAl-Takhqiq wal idhohu likasiren min masa'ilil hajja wal umrata wal ziyarah
264 1 _aMadinah :
_bIhda'ul jamiahtil islamiyah ,
_c[date of publication not identified]
300 _a112 pages ;
_c14 cm
336 _2rdacontent
_atext
337 _2rdamedia
_aunmediated
338 _2rdacarrier
_avolume
500 _aTeks dalam Bahasa Arab
650 1 0 _aMuslim pilgrims and pilgrimages. ; Pillars of Islam.
942 _ddc
_cB
999 _c127908
_d127908